Loading...
Fine Arts - Classical Music | 3 | 13.33 | 100% | 33% | 0% |
Fine Arts - Other Fine Arts | 2 | 0.00 | 0% | 0% | 0% |
Fine Arts - Painting & Sculpture | 3 | 3.33 | 33% | 0% | 0% |
History - American History | 2 | 10.00 | 50% | 50% | 0% |
History - European History | 3 | 13.33 | 100% | 33% | 0% |
History - World History | 2 | 20.00 | 100% | 50% | 50% |
Literature - American Literature | 3 | 13.33 | 100% | 33% | 0% |
Literature - British Literature | 2 | 5.00 | 50% | 0% | 0% |
Literature - European Literature | 3 | 6.67 | 33% | 33% | 0% |
Literature - World Literature | 3 | 6.67 | 33% | 33% | 0% |
Mythology | 3 | 13.33 | 100% | 33% | 0% |
Other | 4 | 15.00 | 100% | 50% | 0% |
Philosophy | 4 | 2.50 | 25% | 0% | 0% |
Religion | 3 | 6.67 | 67% | 0% | 0% |
Science - Biology | 3 | 10.00 | 100% | 0% | 0% |
Science - Chemistry | 2 | 5.00 | 50% | 0% | 0% |
Science - Other Science | 4 | 5.00 | 50% | 0% | 0% |
Social Science | 2 | 10.00 | 50% | 50% | 0% |